paesi del mondo italiano - Statistics

Statistiche generali
  • Questo quiz è stato fatto 9 volte
  • Il punteggio medio è 63 su 196
Risposte nella Mappa
Le risposte nella mappa del quiz sottostante sono codificate secondo una scala di colori dal rosso al verde in base alla % di persone che hanno risposto correttamente.
 
Statistiche sulle risposte
Country % Corretto
Italy
71%
Spain
71%
Andorra
57%
Canada
57%
France
57%
Ireland
57%
Afghanistan
43%
Albania
43%
Algeria
43%
Argentina
43%
Australia
43%
Azerbaijan
43%
Bahamas
43%
Belgium
43%
Brazil
43%
Chile
43%
China
43%
Colombia
43%
Comoros
43%
Egypt
43%
Greece
43%
Guinea
43%
Guinea-Bissau
43%
Iceland
43%
Iran
43%
Iraq
43%
Japan
43%
Liechtenstein
43%
Mexico
43%
Morocco
43%
Nauru
43%
New Zealand
43%
Norway
43%
Palau
43%
Panama
43%
Papua New Guinea
43%
Peru
43%
Portugal
43%
Russia
43%
Saint Lucia
43%
Samoa
43%
San Marino
43%
Slovenia
43%
Somalia
43%
South Africa
43%
Sweden
43%
United Kingdom
43%
Venezuela
43%
Angola
29%
Armenia
29%
Austria
29%
Bangladesh
29%
Barbados
29%
Belarus
29%
Belize
29%
Benin
29%
Bhutan
29%
Bolivia
29%
Bosnia and Herzegovina
29%
Botswana
29%
Brunei
29%
Bulgaria
29%
Burkina Faso
29%
Burundi
29%
Cambodia
29%
Cameroon
29%
Cape Verde
29%
Chad
29%
Costa Rica
29%
Croatia
29%
Cuba
29%
Cyprus
29%
Czech Republic
29%
Denmark
29%
Central African Republic
29%
São Tomé and Príncipe
29%
Djibouti
29%
Dominica
29%
Dominican Republic
29%
East Timor
29%
Ecuador
29%
El Salvador
29%
Equatorial Guinea
29%
Eritrea
29%
Estonia
29%
Eswatini
29%
Ethiopia
29%
Fiji
29%
Finland
29%
Gabon
29%
Gambia
29%
Georgia
29%
Germany
29%
Ghana
29%
Guatemala
29%
Guyana
29%
Haiti
29%
Honduras
29%
Hungary
29%
India
29%
Indonesia
29%
Israel
29%
Ivory Coast
29%
Jamaica
29%
Jordan
29%
Kenya
29%
Kosovo
29%
Kuwait
29%
Laos
29%
Latvia
29%
Lebanon
29%
Lesotho
29%
Liberia
29%
Libya
29%
Lithuania
29%
Luxembourg
29%
Madagascar
29%
Malawi
29%
Malaysia
29%
Maldives
29%
Mali
29%
Malta
29%
Marshall Islands
29%
Mauritania
29%
Mauritius
29%
Moldova
29%
Monaco
29%
Mongolia
29%
Montenegro
29%
Mozambique
29%
Myanmar
29%
Namibia
29%
Nepal
29%
Netherlands
29%
Nicaragua
29%
Niger
29%
Nigeria
29%
North Korea
29%
North Macedonia
29%
Oman
29%
Pakistan
29%
Paraguay
29%
Philippines
29%
Poland
29%
Qatar
29%
Romania
29%
Rwanda
29%
Saint Kitts and Nevis
29%
Saint Vincent and the Grenadines
29%
Saudi Arabia
29%
Senegal
29%
Serbia
29%
Seychelles
29%
Sierra Leone
29%
Singapore
29%
Slovakia
29%
Solomon Islands
29%
South Korea
29%
South Sudan
29%
Sri Lanka
29%
Sudan
29%
Suriname
29%
Switzerland
29%
Syria
29%
Taiwan
29%
Tajikistan
29%
Tanzania
29%
Thailand
29%
Togo
29%
Tonga
29%
Trinidad and Tobago
29%
Tunisia
29%
Turkey
29%
Turkmenistan
29%
Tuvalu
29%
Uganda
29%
Ukraine
29%
United Arab Emirates
29%
United States
29%
Uruguay
29%
Uzbekistan
29%
Vanuatu
29%
Vatican City
29%
Vietnam
29%
Yemen
29%
Zambia
29%
Zimbabwe
29%
Antigua and Barbuda
14%
Bahrain
14%
Democratic Republic of the Congo
14%
Federated States of Micronesia
14%
Grenada
14%
Kazakhstan
14%
Kiribati
14%
Kyrgyzstan
14%
Republic of the Congo
14%
Nessun quiz corrispondente trovato
Distribuzione punteggi
Percentuale di utenti per punteggio
Percentile per numero di risposta
I tuoi punteggi nel tempo
Non hai fatto questo quiz